000 01866nam a2200241Ia 4500
999 _c53548
_d53548
001 20594
003 GE_BSU
005 20210329165145.0
008 181216s2017||||ge |||||||||||||| ||geo||
040 _cGE_BSU
041 _ageo
080 _a94 ფ-98
100 _aფუტკარაძე, ნანი
_910807
245 _aქართველი მუჰაჯირები თურქეთის შავიზღვისპირეთში (ეთნომენტალური მარკერები და პოლიტიკურ -კულტურული მეხსიერების საკითხები) /
_cნანი ფუტკარაძე; მეცნ.ხელმძღვანელი ზაზა შაშიკაძე, თამაზ ფუტკარაძე; ბსუ; ჰუმანიტარულ მეცნიერებათა ფაკულტეტი ისტორიის,არქეოლოგიისა და ეთნოლოგიის დეპარტამენტი
264 _aბათუმი:
_bბსუ,
_c2017
300 _a189გვ.:
_bრუკა,
_c30 სმ.
653 _aდისერტაცია
653 _aისტორია
653 _aქართველი მუჰაჯირები თურქეთის შავიზღვისპირეთში(ეთნომენტალური მარკერები და პოლიტიკურ-კულტურული მეხსიერების საკითხები)
700 _aშაშიკაძე, ზაზა
_eმეცნ.ხელმძღვანელი
_910808
700 _aფუტკარაძე, თამაზ
_eმეცნ.ხელმძღვანელი
_910809
942 _cBK
_2udc